01121nam a2200277 a 450000100100000000500170001000800410002702000150006802000150008302000150009804000250011308200140013810000440015224501100019626001600030630000210046649000310048749000260051850400300054450000330057450000370060783000380064483000320068295201120071499900170082600004161320201002035651.0131014s2004 sp 001 0 spa d a8447208222 a8400082559 a8477982058 aDO-SdBNPbspacBNPHU axxxxbxxx1 aSerrano Álvarez, José Manuel96838910aFortificaciones y Tropas. El gasto militar en tierra firme, 1700-1788 /cJosé Manuel Serrano Álvarez. aSevilla, :bSecretariado de Publicaciones de la Universidad de SevillabConsejo Superior de Investigaciones Científicas,bDiputación de Sevilla,c2004. a410 p. ;c24 cm.1 aHistoria y geografíav951 aNuestra Américav14 aBibliografía p: 395-401 aIncluye índice analítico aIncluye notas al pie de página 0aHistoria y geografíav95968390 0aNuestra Américav1494552 001050718MOaGRbGRcCTd2013-10-14iLF1l0oxxxx xxxp41613-10r2020-06-25w2020-06-25y1ZNo se presta c41103d41103